000 01030nam a22002897a 4500
999 _c4882
_d4882
003 AR-CdUCM
008 190311b ||||| |||| 00| 0 spa d
040 _aMUNICIPALIDAD PROVINCIAL DEL CUSCO
_cBIBLIOTECA MUNICIPAL DEL CUSCO
041 _hfr
082 _a848.9 /
_bR631
100 _aRobbe - Grillet, Alain
_915007
245 _aCuatro narradores franceses de hoy /
260 _aBuenos Aires :
_bTiempos contemporáneos,
_c1969.
300 _a106 páginas ;
_c18 cm.
440 _aColección números
_n6
_915008
505 _aContenido: La estatua -- La playa -- Me parece que el barco se dirige hacia la isla -- Análogos.
650 _aLiteratura francesa
_9913
700 _aSimon, Claude
_915009
700 _aClezio, J. M. Le
_915010
700 _aFaye, Jean Pierre
_915011
700 _aCosta, Octavio (traductor)
_915012
700 _aSaer, J. J.(traductor)
_915013
700 _aTraba, Marta (traductor)
_915014
700 _aRobertis, Alfredo de (traductor)
_915015
942 _2ddc
_cLIBROS
945 _acmm